zpět

Detail výsledku týmu

Pizza-Doma ST, Plzeň

Datum a čas kvízu

28 Celkem bodů Celkový počet nahraných bodů na tomto kvízu bez doplňovacích otázek.
5. Pořadí na kvízu Konečné umístění týmu na tomto kvízu.

Zaznamenané odpovědi

# Otázka Odpověď Body Výsledky
1. Ve kterém středočeském městě s... v Berouně 0
2. Jak se jmenovala ponorka, kter... Titan 1
3. Televize Nova minulý týden ozn... Big Brother 1
4. Estonský start-up Bolt, který... rozvoz jídel pomocí robotů (samořidících vozítek) 1
5. Bizarní scénku nabídlo mistrov... kouli (vrhu koulí) 0
6. Toto sladké téma otevřeme hist... strdí 0
7. Včely nám odpradávna poskytují... mateří kašička 1
8. Med vyrábějí včely, případně j... lesní med 1
9. Po mnohá staletí se med z plás... medomet 0
10. Kde je med, ví nejlépe medvěd.... 1 C, 2 D, 3 B, 4 A 0